00333cam a2200145ua 4500001000400000008003900004040000900043041001200052082001200064100001600076245002400092260003500116300001600151653002000167390120629n1967 II |||gr||||Z||||||eng aMAIN aEnglish a823 YOY aYOYE, HUGH. aTHE SPRINGING TIGER aKOLKATAbTHE WORLD PRESSc1967 a530:c20CM. aEnglish fiction